| 000 | 01326nam a22002057a 4500 | ||
|---|---|---|---|
| 999 |
_c58519 _d58519 |
||
| 003 | Ge_BSU | ||
| 005 | 20220517124901.0 | ||
| 008 | 220517s2022 ge ||||| |||| 00| 0 geo d | ||
| 020 | _a9789941841873 | ||
| 041 | _ageo | ||
| 080 | _a346.26(479.22) გ-48 | ||
| 100 |
_aგიგუაშვილი გიორგი _911992 |
||
| 245 |
_aგანმარტებები საქართველოს კანონზე "მეწარმეთა შესახებ" : (2022 წლის თებერვლის მდგომარეობით) / _cგიორგი გიგუაშვილი, გიორგი ჯუღელი. |
||
| 264 |
_aთბილისი, _c2022. |
||
| 300 |
_a404 გვ. ; _b23 სმ. |
||
| 500 | _aგანმარტებები შეიქმნა ევროპის რეკონსტრუქციისა და განვითარების ბანკისა და საქართველოს ინვესტორთა საბჭოს სამდივნოს მხარდაჭერით | ||
| 653 | _aგანმარტებები საქართველოს კანონზე | ||
| 700 |
_aჯუღელი, გიორგი _eავტორი _913090 |
||
| 942 |
_2udc _cBK |
||